000
00220nam a2200097Ia 4500
008
170619s9999 xx 000 0 und d
100
_a
Pradhan- T
245
0
_a
Quantum Mechanics
260
_b
UNIVERSITIES PRESS
260
_c
2009
546
_a
ENGLISH
999
_c
21401
_d
21401